000 00691nam a22002657a 4500
003 UA-OsUOA
001 25801
007 ta
008 20040427b un ||||| |||| 00| 0 ukr d
100 _aКиган Дж.
700 _aУиткроф Э.
090 _a355(091)035
_bК87
942 _cBK
040 _aUA-OsUOA
_brus
_cUA-OsUOA
_dUA-OsUOA
245 _aКто есть кто в военной истории
_bс 1453 года по настоящее время
300 _a432 с.
955 _a2
041 _arus
080 _a355(091)035
020 _a5-93431-007-0
260 _aМосква
_bДограф
_c2000
044 _aRU
650 7 _2UDC
999 _c312103
_d312103